<?xml version="1.0" encoding="UTF-8"?><?xml-stylesheet type="text/xsl" href="static/style.xsl"?><OAI-PMH xmlns="http://www.openarchives.org/OAI/2.0/" xmlns:xsi="http://www.w3.org/2001/XMLSchema-instance" xsi:schemaLocation="http://www.openarchives.org/OAI/2.0/ http://www.openarchives.org/OAI/2.0/OAI-PMH.xsd"><responseDate>2026-04-17T12:22:09Z</responseDate><request verb="GetRecord" identifier="oai:riubu.ubu.es:10259/7831" metadataPrefix="marc">https://riubu.ubu.es/oai/request</request><GetRecord><record><header><identifier>oai:riubu.ubu.es:10259/7831</identifier><datestamp>2023-09-27T22:01:40Z</datestamp><setSpec>com_10259_2699</setSpec><setSpec>col_10259_2713</setSpec></header><metadata><record xmlns="http://www.loc.gov/MARC21/slim" xmlns:doc="http://www.lyncode.com/xoai" xmlns:xsi="http://www.w3.org/2001/XMLSchema-instance" xmlns:dcterms="http://purl.org/dc/terms/" xsi:schemaLocation="http://www.loc.gov/MARC21/slim http://www.loc.gov/standards/marcxml/schema/MARC21slim.xsd">
<leader>00925njm 22002777a 4500</leader>
<datafield tag="042" ind1=" " ind2=" ">
<subfield code="a">dc</subfield>
</datafield>
<datafield tag="720" ind1=" " ind2=" ">
<subfield code="a">Arias Gil, Vanessa</subfield>
<subfield code="e">author</subfield>
</datafield>
<datafield tag="260" ind1=" " ind2=" ">
<subfield code="c">2022</subfield>
</datafield>
<datafield tag="520" ind1=" " ind2=" ">
<subfield code="a">La implementación de Tecnologías de la Información y la Comunicación en los&#xd;
procesos de enseñanza de las Ciencias Naturales, ha estado marcada por la carencia de&#xd;
estrategias que permitan trascender del uso instrumentalizado, a un uso fundamentado&#xd;
desde el punto de vista didáctico, pedagógico y epistemológico, para favorecer el&#xd;
aprendizaje de los conceptos, los procedimientos y las complejas relaciones en las que se&#xd;
da el desarrollo científico. En este sentido, el reconocimiento del potencial que tienen las&#xd;
TIC debe contribuir no solo a aprender ciencias, sino también a aprender a hacer ciencia&#xd;
y aprender sobre ciencia, retos planteados por Hodson (2003, 2010).&#xd;
Con base en esto, se pretende en esta investigación contribuir a que los maestros&#xd;
identifiquen elementos que deberían ser tenidos en cuenta cuando se opta por el diseño&#xd;
de propuestas con TIC para la enseñanza de las ciencias naturales. Esta contribución se&#xd;
materializa en un modelo didáctico que articula los retos de la educación científica con&#xd;
los principios facilitadores de la Teoría del Aprendizaje Significativo Crítico descritos&#xd;
por Moreira (2005/2010).&#xd;
Con este propósito, esta tesis partió de una revisión sistemática de literatura que&#xd;
permitió la identificación de un referente para el concepto de modelo didáctico; permitió&#xd;
fortalecer la idea de que las TIC pueden mejorar los procesos de comprensión sobre la&#xd;
naturaleza de la ciencia, y permitió ratificar la necesidad de construir un modelo didáctico.&#xd;
Como base teórica para el cumplimiento de este objetivo, se establecen relaciones&#xd;
entre los dos referentes adoptados, y se trazan relaciones con los planteamientos de&#xd;
Bachelard como referente epistemológico de la investigación.&#xd;
La investigación se enmarca en el paradigma cualitativo, dentro del cual se recurre&#xd;
a la Investigación Basada en Diseño, metodología que permite un proceso sistemático&#xd;
configurado por tres iteraciones, que parten de la configuración de un diseño inicial que&#xd;
se somete a validación y ajustes hasta la presentación de un prototipo final.</subfield>
</datafield>
<datafield tag="520" ind1=" " ind2=" ">
<subfield code="a">The implementation of Information and Communication Technologies (ICT) in&#xd;
teaching processes of Natural Sciences has been marked by the lack of strategies that&#xd;
allow transcending from the instrumentalized use to a use based on didactic, pedagogical&#xd;
and epistemological points of view, to favor the learning of concepts, procedures, and the&#xd;
complex relationships in which scientific development takes place. In this sense, the&#xd;
recognition of the potential of ICT should contribute not only to learn science, but also to&#xd;
learn how to do science and learn about science, challenges posed by Hodson (2003,&#xd;
2010).&#xd;
Based on this, the purpose of this research is to help teachers identify elements&#xd;
that should be taken into account when choosing to design proposals with ICT for&#xd;
teaching natural sciences. This contribution is materialized in a didactic model that&#xd;
articulates the challenges of science education with the facilitating principles of the&#xd;
Critical meaningful Learning Theory described by Moreira (2005/2010).&#xd;
With this purpose, this thesis started from a systematic literature review that&#xd;
allowed the identification of a reference for the concept of didactic model; it allowed&#xd;
strengthening the idea that ICT can improve the processes of understanding about the&#xd;
nature of science, and allowed ratifying the need to build a didactic model.&#xd;
As a theoretical basis for the fulfillment of this objective, relations are established&#xd;
between the two adopted referents, and relations are traced with Bachelard's approaches&#xd;
as an epistemological referent of the research.&#xd;
The research is framed in the qualitative paradigm, within which Design-Based&#xd;
Research is used, a methodology that allows a systematic process configured by three&#xd;
iterations, starting from the configuration of an initial design that undergoes validation&#xd;
and adjustments until the presentation of a final prototype.</subfield>
</datafield>
<datafield tag="024" ind2=" " ind1="8">
<subfield code="a">http://hdl.handle.net/10259/7831</subfield>
</datafield>
<datafield tag="024" ind2=" " ind1="8">
<subfield code="a">10.36443/10259/7831</subfield>
</datafield>
<datafield ind1=" " ind2=" " tag="653">
<subfield code="a">Enseñanza de las ciencias naturales</subfield>
</datafield>
<datafield ind1=" " ind2=" " tag="653">
<subfield code="a">Tecnologías de la información y la comunicación</subfield>
</datafield>
<datafield ind1=" " ind2=" " tag="653">
<subfield code="a">Modelo didáctico</subfield>
</datafield>
<datafield ind1=" " ind2=" " tag="653">
<subfield code="a">Retos de la educación científica</subfield>
</datafield>
<datafield ind1=" " ind2=" " tag="653">
<subfield code="a">Teoría del aprendizaje significativo crítico</subfield>
</datafield>
<datafield ind1=" " ind2=" " tag="653">
<subfield code="a">Science Teaching</subfield>
</datafield>
<datafield ind1=" " ind2=" " tag="653">
<subfield code="a">Information and communication technologies</subfield>
</datafield>
<datafield ind1=" " ind2=" " tag="653">
<subfield code="a">Didactic model</subfield>
</datafield>
<datafield ind1=" " ind2=" " tag="653">
<subfield code="a">Science education challenges</subfield>
</datafield>
<datafield ind1=" " ind2=" " tag="653">
<subfield code="a">Critical meaningful learning theory</subfield>
</datafield>
<datafield tag="245" ind1="0" ind2="0">
<subfield code="a">Las TDIC en la enseñanza de las ciencias: un modelo didáctico para el diseño de propuestas de enseñanza que consideren los retos actuales de la educación científica</subfield>
</datafield>
</record></metadata></record></GetRecord></OAI-PMH>